Introduction to modern physics / (Record no. 8309)
[ view plain ]
| 000 -LEADER | |
|---|---|
| fixed length control field | 00677nam a2200241 a 4500 |
| 001 - CONTROL NUMBER | |
| control field | 8309 |
| 003 - CONTROL NUMBER IDENTIFIER | |
| rucl marc code | BD-RjUL |
| 005 - DATE AND TIME OF LATEST TRANSACTION | |
| control field | 20211208234549.0 |
| 008 - FIXED-LENGTH DATA ELEMENTS--GENERAL INFORMATION | |
| fixed length control field | 160907s1928 nyuacd 001 0 eng d |
| 035 ## - SYSTEM CONTROL NUMBER | |
| System control number | (BD-RjUL)8354 |
| 040 ## - CATALOGING SOURCE | |
| Original cataloging agency | DLC |
| Transcribing agency | CtU |
| Modifying agency | OCoLC |
| -- | DLC |
| -- | (BD-RjUL) |
| Language of cataloging | eng |
| 041 ## - LANGUAGE CODE | |
| Language code of text/sound track or separate title | eng |
| 082 00 - DEWEY DECIMAL CLASSIFICATION NUMBER | |
| Author mark and year | RII 1928 |
| Classification number | 530 |
| Edition number | 23 |
| 100 1# - MAIN ENTRY--PERSONAL NAME | |
| Personal name | Richtmyer, F. K. |
| Fuller form of name | (Floyd Karker), |
| Dates associated with a name | 1881-1939. |
| 9 (RLIN) | 25905 |
| 245 10 - TITLE STATEMENT | |
| Title | Introduction to modern physics / |
| Statement of responsibility, etc. | by F. K. Richtmyer. |
| 250 ## - EDITION STATEMENT | |
| Edition statement | 3rd ed. |
| 260 ## - PUBLICATION, DISTRIBUTION, ETC. (IMPRINT) | |
| Place of publication, distribution, etc. | New York : |
| Name of publisher, distributor, etc. | McGraw-Hill, |
| Date of publication, distribution, etc. | 1928 |
| 300 ## - PHYSICAL DESCRIPTION | |
| Pagination | xv, 606 p. : |
| Illustrations | ill. ; |
| Size | 24 cm. |
| 500 ## - GENERAL NOTE | |
| General note | Includes Index |
| 650 #0 - SUBJECT ADDED ENTRY--TOPICAL TERM | |
| Topical term or geographic name as entry element | Physics. |
| 9 (RLIN) | 25906 |
| 942 ## - ADDED ENTRY ELEMENTS (KOHA) | |
| Source of classification or shelving scheme | Dewey Decimal Classification |
| Koha item type | Books |
| Lost status | Source of classification or shelving scheme | Damaged status | Not for loan | Collection code | Permanent Location | Current Location | Shelving location | Date acquired | Source of acquisition | Total Checkouts | Full call number | Date last seen | Copy number | Koha item type | Cost, normal purchase price |
|---|---|---|---|---|---|---|---|---|---|---|---|---|---|---|---|
| Dewey Decimal Classification | Non-fiction | Central Library, University of Rajshahi | Central Library, University of Rajshahi | 14/05/1976 | Author | 530 RII 1928 | 07/09/2016 | C-2 | Books | ||||||
| Dewey Decimal Classification | Non-fiction | Central Library, University of Rajshahi | Central Library, University of Rajshahi | 27/04/1968 | Zeitlinger | 530 RII 1928 | 18/09/2016 | C-3 | Books | 55.06 | |||||
| Dewey Decimal Classification | Non-fiction | Central Library, University of Rajshahi | Central Library, University of Rajshahi | 27/04/1968 | Zeitlinger | 530 RII 1928 | 18/09/2016 | C-4 | Books | 55.06 | |||||
| Dewey Decimal Classification | Non-fiction | Central Library, University of Rajshahi | Central Library, University of Rajshahi | 27/04/1968 | Zeitlinger | 530 RII 1928 | 18/09/2016 | C-5 | Books | 55.06 | |||||
| Dewey Decimal Classification | Non-fiction | Central Library, University of Rajshahi | Central Library, University of Rajshahi | 27/04/1968 | Zeitlinger | 530 RII 1928 | 18/09/2016 | C-6 | Books | 55.06 |